| 000 | 00552nam a22001937a 4500 | ||
|---|---|---|---|
| 003 | KOHA_MİRAKIL | ||
| 005 | 20250417170828.0 | ||
| 008 | 250417b tu ||||| |||| 00| 0 tur d | ||
| 020 | _a9789751044440 | ||
| 040 |
_aTR-AnABB _btur _cTR-AnABB |
||
| 041 | _atur | ||
| 082 |
_a808.0683283 _bDOD 2022 |
||
| 100 | 1 | _aDodge, Mary Mapes, | |
| 245 | 1 | 0 |
_aGümüş patenler / _cElisabeth Maspes Dodge |
| 260 |
_aİstanbul : _bİnkılap Yayınevi, _c2022 |
||
| 300 |
_a143 sayfa ; _c20 cm |
||
| 650 | 0 | 4 | _aAmerikan edebiyatı, roman |
| 942 |
_2ddc _cBK |
||
| 999 |
_c8774 _d8774 |
||
| 900 | _bGizem YORULMAZ | ||